000 00280nam a22001217a 4500
082 _a621.384166 COL'R
100 _aCOLLINS, A.F
_956646
245 _aTHE RADIO AMATEURS HANDBOOK
250 _a11TH
260 _aNEWYORK
_bTHOMAS Y. CROWELL
_c1964
300 _a374P
942 _cBK
999 _c567017
_d567017